Anime Titles: Real or Fake? Quiz Stats

 Plays Quiz Updated Feb 29, 2020

Support Sporcle.
Go Orange.
Score 0/30 Timer 05:00
88 Plays Today
Anime Title (R)eal or (F)ake % Correct
Yuri!!! on Ice???
94.1%
Assassination Classroom???
93%
Ghost in the Shell: Stand Alone Complex - Solid State Society???
84.4%
Log Horizon???
82.7%
The Last Potato???
77.7%
Btooom!???
74.6%
Kiss Him, Not Me???
72.7%
I Can't Understand What My Husband is Saying???
71.9%
Livestock Complacency????
71.8%
5 Centimeters per Second???
70.4%
Monkey Dojo Adventure???
67.3%
Problem Children Are Coming From Another World, Aren't They????
66.9%
Run Away!! My Teacher is a Ghost!!???
66.6%
Saekano: How to Raise a Boring Girlfriend Flat???
66.4%
Faerie Sisters: Hack n' Slash???
62.8%
Anime Title (R)eal or (F)ake % Correct
Hayate the Combat Butler!!???
60.5%
Yukiko and The Magic Clam ???
59.5%
Mobile Suit Gundam Unicorn???
59%
The Scarlet Dancer ???
57.7%
Black River, Orange Sun ???
56.4%
Chikako the Child Of Many Wisdom ???
55.5%
Behind the Silent Window???
54.8%
Gunbuster 2???
54.3%
Turn Left, Turn Right, Go On!!???
54.2%
Classroom Restaurant of Doom???
54.1%
Naoko, Natsu, Nishi and Me.... ???
49.5%
Death Billiards???
47.7%
Bladedance of Elementalers???
47.7%
Sergeant Frog???
42.2%
Akihiko: Kiss Demon, Kill Demon ???
31.4%

From the Vault

Hexagon Hopping: Gaming

by PenguinsMeercats

Gaming 10m
Be careful about which platform you try to jump on.
Remove Ads.
Support Sporcle.
Get the best of Sporcle when you Go Orange. This ad-free experience offers more features, more stats, and more fun while also helping to support Sporcle. Thank you for becoming a member.

Show Comments

Extras

Top Quizzes Today


Score Distribution

Your Account Isn't Verified!

In order to create a playlist on Sporcle, you need to verify the email address you used during registration. Go to your Sporcle Settings to finish the process.

Report this User

Report this user for behavior that violates our Community Guidelines.

Details: